Statystyki dla Czy znasz nazwiska wszystkich postaci z Blok Ekipy?

Kliknij tutaj aby rozwiązać quiz!

Ogólne statystyki

  • Ten quiz został rozwiązany 314 razy
  • Średni wynik to 8 z 12

Statystyki odpowiedzi

HintOdpowiedź% Poprawnych
SpejsonAdrian Puchacki
96%
WojtasWojciech Puczyk
80%
Tata SpejsonaWiesław Puchacki
78%
Pierdzący emerytWiesław Paleta
76%
CieślakPaweł Ciesielski
71%
WaloWaldemar Walasik
68%
Mama SpejsonaGrażyna Puchacka
62%
Żona pierdzącegoHalina Paleta
62%
RudyBastian Obsztyfitykultykiewicz
57%
Królowa DzielniJowita Puczyk
52%
SolarisJowita Ciesielska
43%
ZiółekPiotr Ziółkowski
30%

Rozkład punktacji

Percentyl według liczby udzielonych odpowiedzi

Procent ludzi z każdym wynikiem

Twoja historia wyników

Nie rozwiązałeś tego quizu